Spot goes to the park / (Record no. 106302)
[ view plain ]
| 000 -LEADER | |
|---|---|
| fixed length control field | 00395nam a2200157 a 4500 |
| 005 - DATE AND TIME OF LATEST TRANSACTION | |
| control field | 20140412111428.0 |
| 008 - FIXED-LENGTH DATA ELEMENTS--GENERAL INFORMATION | |
| fixed length control field | 090224s19uu xx 00 eng d |
| 020 ## - INTERNATIONAL STANDARD BOOK NUMBER | |
| International Standard Book Number | 0-14-055320-7 |
| 050 ## - LIBRARY OF CONGRESS CALL NUMBER | |
| Classification number | TR(PS E |
| Item number | Sp68 1991 |
| 100 ## - MAIN ENTRY--PERSONAL NAME | |
| Personal name | Hill, Eric |
| 245 ## - TITLE STATEMENT | |
| Title | Spot goes to the park / |
| Statement of responsibility, etc | Eric Hill. |
| 260 ## - PUBLICATION, DISTRIBUTION, ETC. (IMPRINT) | |
| Place of publication, distribution, etc | U.S.A : |
| Name of publisher, distributor, etc | Penguin books, |
| Date of publication, distribution, etc | 1991. |
| 300 ## - PHYSICAL DESCRIPTION | |
| Extent | unp. |
| 650 ## - SUBJECT ADDED ENTRY--TOPICAL TERM | |
| Topical term or geographic name as entry element | Park |
| Withdrawn status | Lost status | Damaged status | Home library | Current library | Shelving location | Date acquired | Source of acquisition | Total Checkouts | Full call number | Barcode | Date last seen | Price effective from | Koha item type |
|---|---|---|---|---|---|---|---|---|---|---|---|---|---|
| Elizalde Library | Elizalde Library | Teachers Reference Section | 02/24/2009 | TR(PS E Sp68 1991 | E11562 | 04/12/2014 | 04/12/2014 | Books |